[Event "FRA-ch U16"]
[Site "Amiens"]
[Date "2001.04.15"]
[Round "9"]
[White "Cossin, Sebastien"]
[Black "Maitesian, Sergei"]
[Result "0-1"]
[WhiteElo "2129"]
[BlackElo "2153"]
[PlyCount "120"]
[EventDate "2001.04.??"]
[EventType "swiss"]
[EventRounds "9"]
[EventCountry "FRA"]
[SourceTitle "EXT 2005"]
[Source "ChessBase"]
[SourceDate "2004.11.15"]
[SourceVersion "1"]
[SourceVersionDate "2004.11.15"]
[SourceQuality "1"]

1. c4 g6 2. Nc3 Bg7 3. d4 d6 4. e4 Nf6 5. f3 0-0 6. Be3 e5 7. d5 c5 8. Qd2 Nh5 9. 0-0-0 f5 10. exf5 gxf5 11. Bd3 a6 12. Nge2 b5 13. h3 b4 14. Nb1 f4 15. Bf2 Qa5 16. b3 Nd7 17. Qc2 Nhf6 18. Bf5 Nb6 19. Bxc8 Raxc8 20. g4 e4 21. Nxf4 Nxg4 22. hxg4 Rxf4 23. Nd2 Qa3+ 24. Kb1 exf3 25. Bg3 Rf6 26. g5 Rg6 27. Ne4 Nd7 28. Nxd6 Rf8 29. Rd2 Ne5 30. Nf5 Nxc4 31. Nxg7 Nxd2+ 32. Qxd2 Rxg7 33. Be5 Re7 34. Bb2 Re2 35. Qc1 Rxb2+ 36. Qxb2 Qxb2+ 37. Kxb2 Rd8 38. Rf1 Rxd5 39. Rxf3 Rxg5 40. Rf6 Rg2+ 41. Kb1 Kg7 42. Rf5 Kg6 43. Rxc5 h5 44. Rc8 Kg7 45. Rc7+ Kh6 46. Rc6+ Kg5 47. Rc5+ Kh4 48. Rc4+ Rg4 49. Rc5 Rg2 50. Rc4+ Kg3 51. Rxb4 h4 52. Rb6 h3 53. Rxa6 h2 54. Rh6 Rg1+ 55. Kc2 h1Q 56. Rxh1 Rxh1 57. b4 Kf4 58. a4 Ke4 59. Kc3 Rc1+ 60. Kb3 Kd4 0-1

[Event "FRA-ch U16 playoff"]
[Site "Amiens"]
[Date "2001.04.15"]
[Round "12"]
[White "Maitesian, Sergei"]
[Black "Cornette, Matthieu"]
[Result "1/2-1/2"]
[WhiteElo "2153"]
[BlackElo "2202"]
[PlyCount "58"]
[EventDate "2001.04.??"]
[EventType "match"]
[EventRounds "3"]
[EventCountry "FRA"]
[SourceTitle "EXT 2005"]
[Source "ChessBase"]
[SourceDate "2004.11.15"]
[SourceVersion "1"]
[SourceVersionDate "2004.11.15"]
[SourceQuality "1"]

1. g3 g6 2. Bg2 Bg7 3. e4 d6 4. d3 c5 5. f4 Nc6 6. Nf3 e5 7. 0-0 Nge7 8. c3 0-0 9. Be3 b6 10. Nbd2 f5 11. fxe5 dxe5 12. Nc4 f4 13. Bf2 fxg3 14. Bxg3 Bg4 15. h3 Bxf3 16. Bxf3 b5 17. Ne3 Qd7 18. Qb3+ Kh8 19. Rad1 Qxh3 20. Kf2 Rxf3+ 21. Kxf3 Rf8+ 22. Ke2 Qxg3 23. Rxf8+ Bxf8 24. Qxb5 Bh6 25. Qxc5 Qh2+ 26. Ke1 Bf4 27. Nd5 Bg3+ 28. Kf1 Qh1+ 29. Ke2 Qg2+ 1/2-1/2

[Event "FRA-ch U16"]
[Site "Amiens"]
[Date "2001.04.08"]
[Round "2"]
[White "Rabineau, Clement"]
[Black "Maitesian, Sergei"]
[Result "1-0"]
[WhiteElo "2040"]
[BlackElo "2153"]
[PlyCount "72"]
[EventDate "2001.04.??"]
[EventType "swiss"]
[EventRounds "9"]
[EventCountry "FRA"]
[SourceTitle "EXT 2005"]
[Source "ChessBase"]
[SourceDate "2004.11.15"]
[SourceVersion "1"]
[SourceVersionDate "2004.11.15"]
[SourceQuality "1"]

1. e4 c5 2. c3 d5 3. exd5 Qxd5 4. d4 g6 5. Be3 cxd4 6. Qxd4 Nf6 7. Qxd5 Nxd5 8. Bd4 f6 9. Bc4 Nc7 10. Ne2 e5 11. Be3 Nc6 12. 0-0 Be6 13. Bb3 0-0-0 14. Nd2 f5 15. g3 Be7 16. f4 Bxb3 17. Nxb3 Nd5 18. Bc5 Bxc5+ 19. Nxc5 Ne3 20. Rf3 Nc2 21. Rc1 e4 22. Rf2 Ne3 23. Ne6 Rd1+ 24. Rxd1 Nxd1 25. N2d4 Nxf2 26. Kxf2 Nxd4 27. Nxd4 Kd7 28. Ke3 h5 29. h4 a6 30. Nb3 Rd8 31. Nd4 Kd6 32. Nb3 Kd5 33. Nd4 Kc4 34. a3 Rxd4 35. cxd4 b5 36. b3+ Kd5 1-0